Sol mutante : mode, giovani e umori nel Giappone contemporaneo /

সংরক্ষণ করুন:
গ্রন্থ-পঞ্জীর বিবরন
প্রধান লেখক: Gomarasca, Alessandro (লেখক), Valtorta, Luca (লেখক)
বিন্যাস: গ্রন্থ
ভাষা:ইতালিয়
প্রকাশিত: Genova : Costa & Nolan, [1996]
মালা:Riscontri. Saggistica
বিষয়গুলি:
ট্যাগগুলো: ট্যাগ যুক্ত করুন
কোনো ট্যাগ নেই, প্রথমজন হিসাবে ট্যাগ করুন!

MARC

LEADER 00000nam a22000007i 4500
001 IT\ICCU\RAV\0276588
003 ItRI
005 20260115231925.0
008 960808s1996 it |||||| ||||| |||||c
020 |a 8876482385 
040 |b ita  |c importazione bologna sebina 
041 7 |a ita  |2 ISO-639-2 
082 |a 305.2350952  |9 ADOLESCENTI. Giappone  |2 21 
100 1 |a Gomarasca, Alessandro  |0 IT\ICCU\RAVV\096960  |4 aut 
245 1 0 |a Sol mutante :  |b mode, giovani e umori nel Giappone contemporaneo /  |c Alessandro Gomarasca e Luca Valtorta. 
260 |a Genova :  |b Costa & Nolan,  |c [1996] 
300 |a 202 p. ;  |c 22 cm 
500 |a Segue: Appendice. 
650 7 |a Giovani  |x Comportamento sociale  |x Giappone  |2 scbi 
700 1 |a Valtorta, Luca  |0 IT\ICCU\LO1V\155514  |4 aut 
830 0 |a Riscontri. Saggistica  |0 IT\ICCU\RAV\0254051 
942 |2 ddc  |c BK  |n 0 
952 |0 0  |1 0  |4 0  |6 DOC_305_235000000000000_GOM  |7 0  |9 16659  |a BO  |b BO  |d 2026-01-15  |i 14195  |l 0  |o DOC 305.235 GOM  |p BO14195  |r 2026-01-15 23:19:25  |w 2026-01-15  |x [Sebina 5] [1 v.]  |y BK  |z 1 v. 
999 |c 14253  |d 14253